Program školení evropských manažerů v Číně

Oficiálny program výmeny a školenia pre manažérov (METP), medzi Európou a Čínou ponúka malým a stredne veľkým podnikom školenia čínskych odborníkov. Záujem o účasť neustále rastie a je pre manažérov výhodná. Skúsenosti českých manažérov.

Salvato in:
Dettagli Bibliografici
Natura: Capitolo di libro
Lingua:ceco
Soggetti:
Tags: Aggiungi Tag
Nessun Tag, puoi essere il primo ad aggiungerne!!

MARC

LEADER 00000naa$a2200000$$$4500
001 0095597
005 20231019115004.7
041 0 |a cze 
044 |a CZ 
245 1 0 |a Program školení evropských manažerů v Číně 
520 |a Oficiálny program výmeny a školenia pre manažérov (METP), medzi Európou a Čínou ponúka malým a stredne veľkým podnikom školenia čínskych odborníkov. Záujem o účasť neustále rastie a je pre manažérov výhodná. Skúsenosti českých manažérov. 
610 2 0 |a manažéri 
610 2 0 |a školenie odborné 
610 2 0 |a Čína